| 000 | 00675nam a2200229 i 4500 | ||
|---|---|---|---|
| 001 | 96315 | ||
| 003 | ES-MaACL | ||
| 005 | 20230906181904.0 | ||
| 007 | t| | ||
| 008 | 050615s1988 sp ||||1| spa d | ||
| 020 | _a84-86514-09-6 | ||
| 100 | 1 |
_aMahfuz, Naguib. _975531 |
|
| 245 | 1 | 0 |
_aAmor bajo la lluvia / _cNaguib Mahfuz; traducción del árabe por Mercedes del Amo. |
| 250 | _a1ª ed. | ||
| 260 |
_aMadrid : _bCantarabia, _c1988. |
||
| 300 |
_a191 p. ; _c19 cm. |
||
| 490 | 1 |
_aLos mil y un textos ; _v7 |
|
| 700 | 1 |
_aAmo, Mercedes del. _921278 |
|
| 830 | 0 |
_aLos mil y un textos ; _v7 _9180755 |
|
| 852 |
_aES-MaACL _jL-12681 _bR.116301 |
||
| 999 |
_c96315 _d96315 |
||